Kpop idol - Statistiques

Statistiques générales
  • Ce quiz a été pris 572 fois
  • Le résultat moyen est 35 sur 54
Statistiques - réponses
Par images Réponse % Correct
Jennie
96%
Lisa
96%
Jisoo
94%
Rosé
94%
Bang Chan
93%
Hyunjin
93%
Jungkook
92%
Jimin
91%
V
91%
Changbin
90%
Suga
89%
Psy
86%
Yeji
84%
Karina
80%
Hwasa
79%
Nayeon
78%
Sunghoon
75%
Giselle
74%
Kai
74%
Yeonjun
74%
Ningning
73%
Minnie
72%
Danielle
71%
Momo
71%
Soyeon
71%
IU
70%
Soobin
70%
Winter
70%
Sana
67%
Wonyoung
67%
Lily
65%
Mina
65%
Jihyo
64%
Eunwoo
62%
Wonhee
61%
Wooyoung
61%
Rami
58%
Taeyang
54%
The8
54%
Kazuha
53%
Liz
49%
Mark
49%
Ricky
49%
Belle
47%
Seulgi
45%
Taemin
45%
Haewon
43%
Bahiyyih
34%
Jaehyun
31%
Baekhyun
27%
Yuri
26%
Aisha
18%
Sejeong
16%
Siyeon
15%
Aucun quiz correspondant
Distribution des résultats
% des personnes avec chaque résultat
Percentile par nombre de réponses
Votre historique - résultats
Vous n’avez pas pris ce quiz